000 00712nam a2200241 a 4500
001 21209
003 BD-RjUL
005 20211209000648.0
008 140303s19671957nyu 001 0 eng d
035 _a(BD-RjUL)21273
040 _aANL
_beng
_cANL
_dBD-RjUL
041 _aeng
082 0 0 _a533.2
_bLIE 1967
100 1 _aLiepmann, Hans Wolfgang.
_965563
245 1 0 _aElements of gasdynamics /
_cby H. W. Liepmann and A. Roshko.
260 _aNew York :
_bWiley,
_cc1957 [Printing 1967].
300 _axiv, 439 p. :
_billus. ;
_c23 cm.
504 _aIncludes index.
650 0 _aGas dynamics.
_927852
650 0 _aAerodynamics.
_965564
700 1 _aRoshko, Anatol,
_ejoint author.
_965565
942 _2ddc
_cBK
999 _c21209
_d21209